[Event "Eliminacje Miedzywojewodzkie MA-WM D13"]
[Site "Brok"]
[Date "2022.09.12"]
[Round "2.3"]
[White "Podoba, Hanna"]
[Black "Czarkowska, Dalia"]
[Result "0-1"]
[BlackElo "1196"]
[WhiteElo "1067"]
[LiveChessVersion "1.4.8"]

1. e4 {[%clk 1:29:00]} c6 {[%clk 1:30:52]} 2. d4 {[%clk 1:28:32]} d5
{[%clk 1:31:12]} 3. f3 {[%clk 1:27:49]} e6 {[%clk 1:30:38]} 4. Bf4
{[%clk 1:28:03]} Be7 {[%clk 1:30:32]} 5. c4 {[%clk 1:26:43]} Qb6 {[%clk 1:26:15]}
6. Qd2 {[%clk 1:22:42]} c5 {[%clk 1:12:24]} 7. Be3 {[%clk 1:19:31]} Nf6 8. Nc3
{[%clk 1:18:07]} e5 {[%clk 0:55:56]} 9. dxc5 {[%clk 1:16:47]} Bxc5
{[%clk 0:55:26]} 10. Bxc5 {[%clk 1:16:06]} Qxc5 {[%clk 0:55:43]} 11. cxd5
{[%clk 1:16:06]} O-O {[%clk 0:54:08]} 12. Rc1 {[%clk 1:15:56]} Qb6
{[%clk 0:48:47]} 13. Nb5 {[%clk 1:11:52]} Nbd7 {[%clk 0:46:39]} 14. Qc3
{[%clk 1:06:20]} a6 {[%clk 0:44:20]} 15. Na3 {[%clk 1:03:15]} Qd6
{[%clk 0:37:28]} 16. Qc7 {[%clk 1:01:18]} Qxc7 {[%clk 0:34:09]} 17. Rxc7
{[%clk 1:01:34]} Ne8 {[%clk 0:34:24]} 18. Rc2 {[%clk 1:01:22]} Nd6
{[%clk 0:33:56]} 19. Nc4 {[%clk 1:00:10]} Nxc4 {[%clk 0:33:58]} 20. Bxc4
{[%clk 1:00:06]} Nb6 {[%clk 0:32:48]} 21. Ne2 {[%clk 0:57:38]} f5
{[%clk 0:30:25]} 22. Rf1 {[%clk 0:56:28]} f4 {[%clk 0:29:01]} 23. Kf2
{[%clk 0:55:45]} Kf7 {[%clk 0:27:30]} 24. Rfc1 {[%clk 0:55:08]} Bd7
{[%clk 0:25:24]} 25. Bb3 {[%clk 0:54:21]} Rac8 {[%clk 0:23:27]} 26. Rc7
{[%clk 0:54:14]} Rxc7 {[%clk 0:21:13]} 27. Rxc7 {[%clk 0:54:11]} Rb8
{[%clk 0:19:12]} 28. Nc3 {[%clk 0:51:46]} Kf6 {[%clk 0:18:10]} 29. d6
{[%clk 0:50:25]} Be6 {[%clk 0:15:55]} 30. Nd5+ {[%clk 0:49:41]} Bxd5
{[%clk 0:15:41]} 31. exd5 {[%clk 0:49:31]} Rd8 {[%clk 0:15:13]} 32. Re7
{[%clk 0:46:16]} Rxd6 {[%clk 0:14:44]} 33. Re6+ {[%clk 0:46:40]} Rxe6
{[%clk 0:14:31]} 34. dxe6 {[%clk 0:47:05]} a5 {[%clk 0:13:45]} 35. a3
{[%clk 0:47:22]} Na8 {[%clk 0:12:26]} 36. Bd5 {[%clk 0:47:23]} Nc7
{[%clk 0:12:50]} 37. Bxb7 {[%clk 0:47:38]} Kxe6 {[%clk 0:12:57]} 38. Ke2
{[%clk 0:47:30]} Nb5 {[%clk 0:12:35]} 39. Kd3 {[%clk 0:47:04]} g5
{[%clk 0:11:57]} 40. Kc4 {[%clk 0:43:38]} Nd6+ {[%clk 0:12:16]} 41. Kc5
{[%clk 0:43:33]} Nxb7+ {[%clk 0:12:30]} 42. Kb6 {[%clk 0:43:43]} Nd6
{[%clk 0:12:50]} 43. b3 {[%clk 0:43:04]} g4 {[%clk 0:11:20]} 44. Kxa5
{[%clk 0:43:01]} gxf3 {[%clk 0:11:42]} 45. gxf3 {[%clk 0:43:25]} e4
{[%clk 0:12:02]} 46. Kb6 {[%clk 0:43:43]} exf3 {[%clk 0:12:12]} 47. a4
{[%clk 0:44:09]} f2 {[%clk 0:12:24]} 48. a5 {[%clk 0:44:23]} f1=Q
{[%clk 0:12:42]} 49. a6 {[%clk 0:44:45]} Qa1 {[%clk 0:12:52]} 50. a7
{[%clk 0:45:05]} f3 {[%clk 0:13:07]} 51. b4 {[%clk 0:45:28]} f2 {[%clk 0:13:16]}
52. b5 {[%clk 0:45:49]} Qd4+ {[%clk 0:13:27]} 53. Ka6 {[%clk 0:46:04]} Nc8
{[%clk 0:13:18]} 54. a8=N {[%clk 0:45:53]} Qa7# {[%clk 0:13:32]} 0-1

[Event "Eliminacje Miedzywojewodzkie MA-WM D13"]
[Site "Brok"]
[Date "2022.09.12"]
[Round "2.4"]
[White "Stankiewicz, Zofia"]
[Black "Woytitzki, Sophie"]
[Result "1-0"]
[BlackElo "1172"]
[WhiteElo "1108"]
[LiveChessVersion "1.4.8"]

1. e4 {[%clk 1:30:57]} e5 {[%clk 1:30:51]} 2. Nf3 {[%clk 1:31:22]} Nc6
{[%clk 1:31:13]} 3. Bc4 {[%clk 1:31:46]} Nf6 {[%clk 1:31:35]} 4. O-O
{[%clk 1:32:04]} Nxe4 {[%clk 1:31:09]} 5. Re1 {[%clk 1:30:49]} d5
{[%clk 1:31:28]} 6. Bb5 {[%clk 1:29:03]} Bc5 {[%clk 1:29:29]} 7. d4
{[%clk 1:27:29]} exd4 {[%clk 1:28:47]} 8. Nxd4 {[%clk 1:26:38]} Qf6
{[%clk 1:28:31]} 9. Be3 {[%clk 1:23:43]} O-O {[%clk 1:27:16]} 10. c3
{[%clk 1:21:24]} a6 {[%clk 1:26:01]} 11. Bf1 {[%clk 1:17:50]} Bd7
{[%clk 1:19:34]} 12. Nf3 {[%clk 1:16:26]} Bxe3 {[%clk 1:18:04]} 13. Rxe3
{[%clk 1:15:56]} Be6 {[%clk 1:16:20]} 14. Nbd2 {[%clk 1:10:30]} Rad8
{[%clk 1:14:01]} 15. Qc2 {[%clk 1:09:02]} Bf5 {[%clk 1:12:59]} 16. Bd3
{[%clk 1:06:00]} Nxd2 {[%clk 1:08:44]} 17. Bxf5 {[%clk 1:03:55]} Nxf3+
{[%clk 1:08:11]} 18. Rxf3 {[%clk 1:03:44]} Qe5 {[%clk 1:06:54]} 19. Bxh7+
{[%clk 1:03:37]} Kh8 {[%clk 1:07:13]} 20. Rh3 {[%clk 1:03:11]} Rfe8
{[%clk 1:07:31]} 21. Rf1 {[%clk 1:01:56]} Qe1 {[%clk 1:07:00]} 22. Be4+
{[%clk 1:01:49]} Kg8 {[%clk 1:07:17]} 23. Rxe1 {[%clk 1:02:09]} dxe4
{[%clk 1:07:35]} 24. f3 {[%clk 1:02:00]} Rd3 {[%clk 1:06:33]} 25. Qxd3
{[%clk 1:02:05]} g6 {[%clk 1:06:08]} 26. Rxe4 {[%clk 1:02:18]} Rd8
{[%clk 1:06:12]} 27. Qe2 {[%clk 1:02:23]} Kg7 {[%clk 1:06:20]} 28. Re8
{[%clk 1:02:23]} Rxe8 {[%clk 1:06:28]} 29. Qxe8 Kf6 {[%clk 1:06:51]} 30. Rh7
{[%clk 1:02:38]} Ne5 {[%clk 1:06:50]} 31. Qd8+ {[%clk 1:02:43]} Ke6
{[%clk 1:07:03]} 32. Qxc7 {[%clk 1:02:42]} b5 {[%clk 1:07:15]} 33. f4
{[%clk 1:02:40]} Nd3 {[%clk 1:07:01]} 34. Qxf7+ {[%clk 1:02:56]} Kd6
{[%clk 1:07:08]} 35. Qd7+ {[%clk 1:03:16]} Kc5 {[%clk 1:07:31]} 36. Qxd3
{[%clk 1:03:24]} a5 {[%clk 1:07:51]} 37. Qd4+ {[%clk 1:03:40]} Kc6
{[%clk 1:08:10]} 38. Rd7 {[%clk 1:03:51]} b4 {[%clk 1:08:32]} 39. c4
{[%clk 1:04:03]} a4 {[%clk 1:08:51]} 40. Qd6# {[%clk 1:04:26]} 1-0

[Event "Eliminacje Miedzywojewodzkie MA-WM D13"]
[Site "Brok"]
[Date "2022.09.12"]
[Round "3.1"]
[White "Woytitzki, Sophie"]
[Black "Stolarz, Anna"]
[Result "1-0"]
[BlackElo "1005"]
[WhiteElo "1172"]
[LiveChessVersion "1.4.8"]

1. e4 {[%clk 1:30:58]} e6 {[%clk 1:30:54]} 2. d4 {[%clk 1:31:23]} d5
{[%clk 1:31:16]} 3. Nc3 {[%clk 1:31:46]} Nf6 {[%clk 1:31:38]} 4. Bg5
{[%clk 1:31:55]} Be7 {[%clk 1:29:55]} 5. e5 {[%clk 1:32:14]} Nfd7
{[%clk 1:30:15]} 6. Bxe7 {[%clk 1:32:22]} Qxe7 {[%clk 1:30:32]} 7. f4
{[%clk 1:32:35]} c5 {[%clk 1:30:23]} 8. Nb5 {[%clk 1:32:44]} Nb6 {[%clk 1:27:51]}
9. Nd6+ {[%clk 1:32:32]} Kf8 {[%clk 1:27:50]} 10. dxc5 {[%clk 1:32:33]} Nc6
{[%clk 1:25:33]} 11. cxb6 {[%clk 1:32:31]} axb6 {[%clk 1:25:55]} 12. Nf3
{[%clk 1:32:32]} h6 {[%clk 1:24:41]} 13. Bb5 {[%clk 1:31:13]} g5 {[%clk 1:20:09]}
14. Qd2 {[%clk 1:30:17]} Nxe5 {[%clk 1:07:44]} 15. fxe5 {[%clk 1:30:03]} Bd7
{[%clk 1:06:51]} 16. Bxd7 {[%clk 1:30:04]} Qxd7 {[%clk 1:07:14]} 17. Qb4
{[%clk 1:29:19]} Kg7 {[%clk 1:06:28]} 18. Qxb6 {[%clk 1:28:58]} Ra6
{[%clk 1:06:13]} 19. Qe3 {[%clk 1:28:07]} Rg8 {[%clk 1:04:54]} 20. Rf1
{[%clk 1:27:48]} Kh8 {[%clk 1:03:29]} 21. h4 {[%clk 1:25:57]} Raa8
{[%clk 0:57:36]} 22. hxg5 {[%clk 1:25:50]} h5 {[%clk 0:53:13]} 23. Qf4
{[%clk 1:24:42]} Raf8 {[%clk 0:50:32]} 24. Qf6+ {[%clk 1:24:39]} Rg7
{[%clk 0:50:16]} 25. g6 {[%clk 1:24:12]} Kg8 {[%clk 0:47:00]} 26. gxf7+
{[%clk 1:24:11]} Rfxf7 {[%clk 0:47:16]} 27. Nxf7 {[%clk 1:24:12]} Qxf7
{[%clk 0:47:38]} 28. Qxf7+ {[%clk 1:24:30]} Rxf7 {[%clk 0:48:02]} 29. O-O-O
{[%clk 1:24:42]} Rg7 {[%clk 0:45:04]} 30. Nh4 {[%clk 1:24:53]} Rg4
{[%clk 0:45:01]} 31. Rh1 {[%clk 1:25:11]} Kg7 {[%clk 0:43:04]} 32. Nf3
{[%clk 1:25:10]} Kg6 {[%clk 0:42:46]} 33. Rh2 {[%clk 1:25:08]} Kf7
{[%clk 0:41:37]} 34. Rxh5 {[%clk 1:25:17]} Rxg2 {[%clk 0:41:47]} 35. Rh7+
{[%clk 1:25:41]} Rg7 {[%clk 0:41:02]} 36. Rxg7+ {[%clk 1:26:00]} Kxg7
{[%clk 0:41:25]} 37. Rh1 {[%clk 1:26:22]} b5 {[%clk 0:39:53]} 38. Nd4
{[%clk 1:26:44]} Kg6 {[%clk 0:39:48]} 39. Nxb5 {[%clk 1:26:37]} Kg5
{[%clk 0:39:19]} 40. a4 {[%clk 1:26:59]} Kf5 {[%clk 0:39:38]} 41. a5
{[%clk 1:27:22]} Kxe5 {[%clk 0:38:50]} 42. a6 {[%clk 1:27:46]} Kf6
{[%clk 0:34:09]} 43. a7 {[%clk 1:28:09]} Kf5 {[%clk 0:34:27]} 44. a8=Q
{[%clk 1:28:27]} Ke5 {[%clk 0:34:31]} 45. Re1+ {[%clk 1:28:23]} Kf6
{[%clk 0:34:45]} 46. Qf8+ {[%clk 1:29:08]} Kg6 {[%clk 0:35:03]} 47. Rg1+
{[%clk 1:29:16]} Kh7 {[%clk 0:35:18]} 48. Qg7# {[%clk 1:29:38]} 1-0

[Event "Eliminacje Miedzywojewodzkie MA-WM D13"]
[Site "Brok"]
[Date "2022.09.12"]
[Round "3.2"]
[White "Czarkowska, Dalia"]
[Black "Stankiewicz, Zofia"]
[Result "1-0"]
[BlackElo "1108"]
[WhiteElo "1196"]
[LiveChessVersion "1.4.8"]

1. d4 {[%clk 1:30:59]} d5 {[%clk 1:30:59]} 2. Nf3 {[%clk 1:31:26]} Nf6
{[%clk 1:31:08]} 3. g3 {[%clk 1:31:46]} Bf5 {[%clk 1:30:43]} 4. Bg2
{[%clk 1:31:40]} e6 {[%clk 1:30:08]} 5. c4 {[%clk 1:32:00]} Be7 {[%clk 1:28:57]}
6. Nc3 {[%clk 1:32:03]} Nbd7 {[%clk 1:28:17]} 7. Qb3 {[%clk 1:31:03]} Rb8 8. cxd5
{[%clk 1:28:53]} exd5 {[%clk 1:24:57]} 9. Nxd5 {[%clk 1:27:58]} Be6
{[%clk 1:23:54]} 10. Nxf6+ {[%clk 1:27:27]} Bxf6 {[%clk 1:23:50]} 11. Qd3
{[%clk 1:27:08]} O-O {[%clk 1:23:52]} 12. O-O Nb6 {[%clk 1:23:34]} 13. Rd1
{[%clk 1:23:58]} Re8 {[%clk 1:22:38]} 14. e4 {[%clk 1:22:55]} Bc4
{[%clk 1:22:38]} 15. Qc2 {[%clk 1:22:51]} Qd7 {[%clk 1:19:04]} 16. e5
{[%clk 1:22:15]} Be7 {[%clk 1:18:42]} 17. b3 {[%clk 1:20:09]} Be6
{[%clk 1:17:31]} 18. Bb2 {[%clk 1:17:29]} Bf5 {[%clk 1:16:05]} 19. Qe2
{[%clk 1:17:14]} Nd5 {[%clk 1:14:59]} 20. a3 {[%clk 1:15:27]} Bg4
{[%clk 1:09:06]} 21. Qd3 {[%clk 1:03:44]} Rbd8 {[%clk 1:05:45]} 22. Rac1
{[%clk 0:58:15]} Qe6 {[%clk 1:01:55]} 23. Re1 {[%clk 0:56:39]} Nb6
{[%clk 0:56:20]} 24. Rxc7 {[%clk 0:53:04]} Bf5 {[%clk 0:55:47]} 25. Qd1
{[%clk 0:51:43]} Rb8 {[%clk 0:52:14]} 26. Rc1 {[%clk 0:45:27]} Rec8
{[%clk 0:50:49]} 27. Nd2 {[%clk 0:34:22]} Rxc1 {[%clk 0:45:45]} 28. Bxc1
{[%clk 0:33:12]} Qd7 {[%clk 0:45:27]} 29. Nc4 {[%clk 0:32:05]} Nxc4
{[%clk 0:44:34]} 30. bxc4 {[%clk 0:32:12]} Rd8 {[%clk 0:44:34]} 31. Bb2
{[%clk 0:29:37]} Bc5 {[%clk 0:42:29]} 32. d5 {[%clk 0:28:16]} Qc7
{[%clk 0:41:54]} 33. Qf3 {[%clk 0:23:39]} Bg6 {[%clk 0:40:55]} 34. Qc3
{[%clk 0:19:05]} Bb6 {[%clk 0:40:24]} 35. e6 {[%clk 0:17:22]} fxe6
{[%clk 0:40:33]} 36. Rxe6 {[%clk 0:16:49]} Ba5 {[%clk 0:38:37]} 37. Qd4
{[%clk 0:15:39]} Bb6 {[%clk 0:38:30]} 38. Qe5 {[%clk 0:14:14]} Qf7
{[%clk 0:37:51]} 39. Qe2 {[%clk 0:13:29]} Bh5 {[%clk 0:36:48]} 40. Qc2
{[%clk 0:12:25]} Bg6 {[%clk 0:35:52]} 41. Be4 {[%clk 0:11:33]} Bxe4
{[%clk 0:35:25]} 42. Rxe4 {[%clk 0:11:41]} Qg6 {[%clk 0:34:56]} 43. Qe2
{[%clk 0:11:40]} Rf8 {[%clk 0:34:07]} 44. Bd4 {[%clk 0:10:35]} Bd8
{[%clk 0:32:05]} 45. Qg4 {[%clk 0:10:22]} Qh6 {[%clk 0:31:30]} 46. Qe6+
{[%clk 0:10:26]} Qxe6 {[%clk 0:31:44]} 47. Rxe6 {[%clk 0:10:36]} b6
{[%clk 0:31:14]} 48. d6 {[%clk 0:10:43]} Kf7 {[%clk 0:31:07]} 49. Re4
{[%clk 0:10:44]} Bg5 {[%clk 0:28:30]} 50. c5 {[%clk 0:10:42]} bxc5
{[%clk 0:27:44]} 51. Bxc5 {[%clk 0:11:01]} a6 {[%clk 0:27:19]} 52. f4
{[%clk 0:11:07]} Bf6 {[%clk 0:27:19]} 53. Kf2 {[%clk 0:11:21]} Rc8
{[%clk 0:27:21]} 54. Bb4 {[%clk 0:10:41]} Rc2+ {[%clk 0:27:01]} 55. Re2
{[%clk 0:09:23]} Bd4+ {[%clk 0:26:55]} 56. Kf3 {[%clk 0:09:24]} Rc8
{[%clk 0:26:43]} 57. g4 {[%clk 0:08:44]} h6 {[%clk 0:25:15]} 58. Re7+
{[%clk 0:08:48]} Kf6 {[%clk 0:24:53]} 59. Ke4 {[%clk 0:08:32]} Bb6
{[%clk 0:25:00]} 60. Kd5 {[%clk 0:08:25]} a5 {[%clk 0:24:20]} 61. d7
{[%clk 0:07:20]} Rc1 {[%clk 0:23:58]} 62. Re6+ {[%clk 0:07:23]} Kf7
{[%clk 0:23:50]} 63. Rxb6 {[%clk 0:07:05]} Rd1+ {[%clk 0:24:00]} 64. Kc6
{[%clk 0:07:15]} axb4 {[%clk 0:24:18]} 65. axb4 {[%clk 0:07:29]} Ke7
{[%clk 0:24:37]} 66. Rb7 {[%clk 0:07:39]} Rd6+ {[%clk 0:24:23]} 67. Kc5
{[%clk 0:08:02]} Rg6 {[%clk 0:24:25]} 68. h3 {[%clk 0:08:10]} Re6
{[%clk 0:24:30]} 69. b5 {[%clk 0:08:13]} Kd8 {[%clk 0:24:54]} 70. b6
{[%clk 0:08:22]} Re3 {[%clk 0:25:11]} 71. Kd6 {[%clk 0:08:14]} Rd3+ 72. Ke6
{[%clk 0:08:17]} Re3+ {[%clk 0:25:53]} 73. Kf7 {[%clk 0:08:21]} g5 74. fxg5
{[%clk 0:08:13]} hxg5 {[%clk 0:26:32]} 75. Kf6 {[%clk 0:08:31]} Rxh3
{[%clk 0:26:46]} 76. Kxg5 {[%clk 0:08:51]} Rd3 {[%clk 0:26:57]} 77. Kg6
{[%clk 0:08:57]} Ke7 {[%clk 0:27:14]} 78. Rc7 {[%clk 0:09:01]} Rd6+
{[%clk 0:27:39]} 79. Kh7 {[%clk 0:08:37]} Rxb6 {[%clk 0:28:00]} 80. g5
{[%clk 0:08:49]} Rb3 {[%clk 0:27:09]} 81. g6 {[%clk 0:08:59]} Rh3+
{[%clk 0:26:32]} 82. Kg8 {[%clk 0:09:05]} Rh6 {[%clk 0:26:17]} 83. g7
{[%clk 0:09:02]} Rh1 {[%clk 0:25:07]} 84. Ra7 {[%clk 0:08:43]} Kd8
{[%clk 0:24:23]} 85. Ra4 {[%clk 0:08:22]} Kxd7 {[%clk 0:24:07]} 86. Re4
{[%clk 0:08:45]} Kd8 {[%clk 0:23:24]} 87. Kf7 {[%clk 0:09:07]} Rf1+
{[%clk 0:23:43]} 88. Kg6 {[%clk 0:09:27]} Rg1+ {[%clk 0:24:02]} 89. Kf6
{[%clk 0:09:52]} Rf1+ {[%clk 0:24:23]} 90. Kg5 {[%clk 0:10:17]} 1-0

[Event "Eliminacje Miedzywojewodzkie MA-WM D13"]
[Site "Brok"]
[Date "2022.09.12"]
[Round "3.3"]
[White "Dzierzgowska, Jagoda"]
[Black "Podoba, Hanna"]
[Result "1-0"]
[BlackElo "1067"]
[WhiteElo "1236"]
[LiveChessVersion "1.4.8"]

1. d4 {[%clk 1:30:58]} d5 {[%clk 1:30:31]} 2. Nf3 {[%clk 1:31:16]} Nf6
{[%clk 1:30:48]} 3. e3 {[%clk 1:31:30]} Bf5 {[%clk 1:30:55]} 4. Be2
{[%clk 1:29:56]} e6 {[%clk 1:31:09]} 5. c4 {[%clk 1:29:50]} Nbd7 {[%clk 1:30:38]}
6. O-O {[%clk 1:28:50]} c5 {[%clk 1:30:48]} 7. Nc3 {[%clk 1:28:25]} Rc8
{[%clk 1:29:53]} 8. Qb3 {[%clk 1:21:09]} Nb6 {[%clk 1:28:47]} 9. cxd5
{[%clk 1:20:17]} Nfxd5 {[%clk 1:25:59]} 10. Bb5+ {[%clk 1:18:58]} Ke7
{[%clk 1:23:44]} 11. Nxd5+ {[%clk 1:16:58]} Qxd5 {[%clk 1:23:23]} 12. Qxd5
{[%clk 1:15:01]} Nxd5 {[%clk 1:23:24]} 13. Re1 {[%clk 1:07:58]} Nb4
{[%clk 1:21:50]} 14. e4 {[%clk 1:06:16]} Nc2 {[%clk 1:19:34]} 15. exf5
{[%clk 1:06:22]} Nxe1 {[%clk 1:14:44]} 16. Nxe1 {[%clk 1:06:19]} cxd4
{[%clk 1:15:00]} 17. fxe6 {[%clk 1:06:24]} fxe6 {[%clk 1:14:54]} 18. Nd3
{[%clk 1:06:38]} h6 {[%clk 1:11:34]} 19. Bf4 {[%clk 1:04:08]} Kf7
{[%clk 1:07:49]} 20. Rd1 {[%clk 0:57:45]} Bc5 {[%clk 1:03:44]} 21. Bd7
{[%clk 0:57:05]} g5 {[%clk 0:59:20]} 22. Be5 {[%clk 0:55:22]} Rhd8
{[%clk 0:58:11]} 23. Bxc8 {[%clk 0:55:16]} Rxc8 {[%clk 0:58:33]} 24. h3
{[%clk 0:52:24]} Bb6 {[%clk 0:58:20]} 25. g4 {[%clk 0:42:54]} Kg6
{[%clk 0:57:14]} 26. Kg2 {[%clk 0:40:23]} Rc2 {[%clk 0:55:20]} 27. Kf3
{[%clk 0:35:16]} Rc4 {[%clk 0:53:26]} 28. Ke4 {[%clk 0:30:21]} Ba5
{[%clk 0:49:17]} 29. b3 {[%clk 0:29:08]} Rc2 {[%clk 0:48:26]} 30. Bxd4
{[%clk 0:25:58]} Rxa2 {[%clk 0:45:50]} 31. Ra1 {[%clk 0:26:17]} Rxa1
{[%clk 0:46:07]} 32. Bxa1 {[%clk 0:26:44]} Bb6 {[%clk 0:46:12]} 33. f3
{[%clk 0:26:45]} a5 {[%clk 0:45:49]} 34. Ne5+ {[%clk 0:27:05]} Kh7
{[%clk 0:45:29]} 35. Nc4 {[%clk 0:27:14]} Bc7 {[%clk 0:45:46]} 36. Be5
{[%clk 0:27:35]} Bd8 {[%clk 0:45:56]} 37. Nd6 {[%clk 0:27:00]} b6
{[%clk 0:46:07]} 38. Nb7 {[%clk 0:27:01]} Be7 {[%clk 0:46:13]} 39. Bd4
{[%clk 0:26:27]} b5 {[%clk 0:46:01]} 40. Nxa5 {[%clk 0:26:48]} Kg6
{[%clk 0:46:15]} 41. Nc6 {[%clk 0:26:56]} Bd6 {[%clk 0:46:35]} 42. Nd8
{[%clk 0:27:09]} h5 {[%clk 0:46:31]} 43. Nxe6 {[%clk 0:27:31]} h4
{[%clk 0:46:36]} 44. Be5 {[%clk 0:27:13]} Be7 {[%clk 0:46:50]} 45. Nd4
{[%clk 0:26:55]} b4 {[%clk 0:47:05]} 46. Bc7 {[%clk 0:27:11]} Kf7
{[%clk 0:47:12]} 47. Ba5 {[%clk 0:27:35]} Bd6 {[%clk 0:47:19]} 48. Nc6
{[%clk 0:27:50]} Ke6 {[%clk 0:47:46]} 49. Nxb4 Bf4 {[%clk 0:48:05]} 50. Nd5
{[%clk 0:28:13]} Bc1 {[%clk 0:48:04]} 51. Bd8 {[%clk 0:28:30]} Kf7
{[%clk 0:48:15]} 52. b4 {[%clk 0:28:49]} Kg6 {[%clk 0:48:28]} 53. b5
{[%clk 0:29:13]} Ba3 {[%clk 0:48:39]} 54. b6 {[%clk 0:29:35]} Bd6
{[%clk 0:48:59]} 55. Bc7 {[%clk 0:29:53]} Bc5 {[%clk 0:49:15]} 56. b7
{[%clk 0:29:38]} Ba7 {[%clk 0:49:35]} 57. Ne7+ {[%clk 0:30:03]} Kf7
{[%clk 0:49:51]} 58. Nc6 {[%clk 0:30:28]} Bb6 {[%clk 0:49:41]} 59. b8=Q
{[%clk 0:30:44]} Bd4 {[%clk 0:49:54]} 60. Qb3+ {[%clk 0:30:53]} Kg7
{[%clk 0:50:13]} 1-0

[Event "Eliminacje Miedzywojewodzkie MA-WM D13"]
[Site "Brok"]
[Date "2022.09.12"]
[Round "3.4"]
[White "Siekanska, Zofia"]
[Black "Walewska, Natalia"]
[Result "0-1"]
[BlackElo "1167"]
[WhiteElo "1128"]
[LiveChessVersion "1.4.8"]

1. e4 {[%clk 1:30:56]} e5 {[%clk 1:30:59]} 2. Nf3 {[%clk 1:31:18]} Nc6
{[%clk 1:31:27]} 3. Bc4 {[%clk 1:31:42]} Bc5 {[%clk 1:31:49]} 4. c3
{[%clk 1:32:05]} Nf6 {[%clk 1:32:14]} 5. d4 {[%clk 1:32:29]} exd4
{[%clk 1:32:39]} 6. e5 {[%clk 1:32:57]} d5 {[%clk 1:33:00]} 7. Bb5
{[%clk 1:33:17]} Ne4 {[%clk 1:33:21]} 8. cxd4 {[%clk 1:33:37]} Bb6
{[%clk 1:33:46]} 9. Nc3 {[%clk 1:30:21]} O-O {[%clk 1:34:02]} 10. Bxc6
{[%clk 1:30:13]} bxc6 {[%clk 1:34:16]} 11. O-O {[%clk 1:27:26]} f5
{[%clk 1:33:27]} 12. Ne2 {[%clk 1:23:41]} Qe7 {[%clk 1:26:16]} 13. Nd2 Ba6
{[%clk 1:18:36]} 14. Nb3 {[%clk 1:21:44]} Bb7 {[%clk 1:16:25]} 15. f3
{[%clk 1:19:19]} Ng5 {[%clk 1:16:35]} 16. h4 {[%clk 1:16:59]} Ne6
{[%clk 1:15:57]} 17. g3 {[%clk 1:16:21]} c5 {[%clk 1:12:56]} 18. Be3
{[%clk 1:09:42]} cxd4 {[%clk 1:08:05]} 19. Nbxd4 {[%clk 1:09:41]} Nxd4
{[%clk 1:08:20]} 20. Bxd4 {[%clk 1:09:58]} c5 {[%clk 1:08:32]} 21. Bf2
{[%clk 1:07:17]} Qxe5 {[%clk 1:07:57]} 22. b3 {[%clk 1:05:06]} d4
{[%clk 1:05:39]} 23. Qd3 {[%clk 1:04:04]} Qd5 {[%clk 1:03:08]} 24. Be1
{[%clk 1:02:43]} Rae8 {[%clk 1:02:05]} 25. Bd2 {[%clk 1:00:45]} Rf7
{[%clk 0:51:11]} 26. a3 {[%clk 0:56:46]} g6 {[%clk 0:46:58]} 27. Rac1
{[%clk 0:52:54]} Rc7 {[%clk 0:45:33]} 28. Rf2 {[%clk 0:50:42]} Rec8
{[%clk 0:44:52]} 29. Qc4 {[%clk 0:49:43]} Qxc4 {[%clk 0:44:38]} 30. bxc4
{[%clk 0:48:42]} Re7 {[%clk 0:42:39]} 31. Nf4 {[%clk 0:47:57]} Bc7
{[%clk 0:41:30]} 32. Kg2 {[%clk 0:46:41]} Rce8 {[%clk 0:40:21]} 33. Nd5
{[%clk 0:46:04]} Bxd5 {[%clk 0:40:28]} 34. cxd5 {[%clk 0:46:26]} Bd6
{[%clk 0:40:00]} 35. Bg5 {[%clk 0:44:42]} Rb7 {[%clk 0:39:08]} 36. Bf4
{[%clk 0:44:33]} Bxf4 {[%clk 0:38:59]} 37. gxf4 {[%clk 0:44:53]} Rc7
{[%clk 0:38:19]} 38. Rfc2 {[%clk 0:43:59]} Rec8 {[%clk 0:38:19]} 39. Rc4
{[%clk 0:43:26]} Kf7 {[%clk 0:37:08]} 40. Re1 {[%clk 0:43:22]} Re7
{[%clk 0:36:09]} 41. Re5 {[%clk 0:40:01]} Kf6 {[%clk 0:34:05]} 42. Rxe7
{[%clk 0:39:07]} Kxe7 {[%clk 0:34:22]} 43. Kf2 {[%clk 0:39:26]} Kd6
{[%clk 0:34:41]} 44. Rc1 {[%clk 0:38:29]} Re8 {[%clk 0:33:55]} 45. Rb1
{[%clk 0:37:16]} Re7 {[%clk 0:34:13]} 46. Rh1 {[%clk 0:31:23]} Kxd5
{[%clk 0:34:13]} 47. h5 {[%clk 0:31:39]} d3 {[%clk 0:33:54]} 48. hxg6
{[%clk 0:31:40]} hxg6 {[%clk 0:34:11]} 49. a4 {[%clk 0:31:29]} c4
{[%clk 0:34:04]} 50. Rh8 {[%clk 0:30:25]} Kd4 0-1

[Event "Eliminacje Miedzywojewodzkie MA-WM D13"]
[Site "Brok"]
[Date "2022.09.12"]
[Round "4.1"]
[White "Stolarz, Anna"]
[Black "Walewska, Natalia"]
[Result "0-1"]
[BlackElo "1167"]
[WhiteElo "1005"]
[LiveChessVersion "1.4.8"]

1. e4 {[%clk 1:30:58]} e5 {[%clk 1:30:59]} 2. Nf3 {[%clk 1:31:21]} Nc6
{[%clk 1:31:28]} 3. Bb5 {[%clk 1:31:37]} a6 {[%clk 1:31:52]} 4. Ba4
{[%clk 1:31:57]} Nf6 {[%clk 1:32:01]} 5. Nc3 {[%clk 1:27:37]} d6 {[%clk 1:30:44]}
6. O-O {[%clk 1:20:51]} Bg4 {[%clk 1:26:28]} 7. Bxc6+ {[%clk 1:13:20]} bxc6
{[%clk 1:26:51]} 8. d3 {[%clk 1:13:28]} Be7 {[%clk 1:26:16]} 9. h3
{[%clk 1:06:37]} Bh5 {[%clk 1:25:56]} 10. g4 {[%clk 1:03:47]} Bg6
{[%clk 1:25:35]} 11. Nh2 {[%clk 1:03:40]} h5 {[%clk 1:24:06]} 12. g5
{[%clk 0:59:29]} Nh7 {[%clk 1:24:17]} 13. h4 {[%clk 0:58:12]} f6 {[%clk 1:22:47]}
14. f4 {[%clk 0:55:20]} exf4 {[%clk 1:22:52]} 15. gxf6 {[%clk 0:49:34]} Bxf6
{[%clk 1:22:35]} 16. Ne2 {[%clk 0:46:19]} Bxh4 {[%clk 1:04:35]} 17. Nxf4
{[%clk 0:39:28]} Qg5+ {[%clk 0:57:37]} 18. Ng2 {[%clk 0:38:04]} Qe7
{[%clk 0:53:01]} 19. Nf4 {[%clk 0:34:23]} Bf7 {[%clk 0:50:29]} 20. Nxh5
{[%clk 0:28:10]} O-O-O {[%clk 0:48:55]} 21. Rxf7 {[%clk 0:22:34]} Qxf7
{[%clk 0:48:02]} 22. Qg4+ {[%clk 0:22:41]} Kb8 {[%clk 0:48:14]} 23. Qxh4
{[%clk 0:22:52]} Nf6 {[%clk 0:48:10]} 24. e5 {[%clk 0:20:00]} Nxh5
{[%clk 0:45:22]} 25. Qb4+ {[%clk 0:18:50]} Kc8 {[%clk 0:45:13]} 26. Qg4+
{[%clk 0:17:54]} Kb7 {[%clk 0:45:09]} 27. Qb4+ {[%clk 0:17:15]} Ka7
{[%clk 0:44:25]} 28. Be3+ {[%clk 0:16:10]} c5 {[%clk 0:44:35]} 29. Qc4
{[%clk 0:15:47]} Qxc4 {[%clk 0:41:30]} 30. dxc4 {[%clk 0:16:08]} Ng3
{[%clk 0:40:27]} 31. Nf3 {[%clk 0:13:27]} 0-1